000
00335nam a2200133 a 4500
005
20140513081058.0
008
080110s19uu xx 00 eng d
050
_a
VCD
_b
Le433 2006
245
_a
Learning about numbers/.
260
_b
Sesame street,
_c
2006.
440
_a
Sesame Street
650
_a
Number- counting.
999
_c
116617
_d
116617